15 najwiekszych panstw afryki - Statystyki

Ogólne statystyki
  • Ten quiz został rozwiązany 70 razy
  • Średni wynik to 10 z 15
Statystyki odpowiedzi
numer kraj % Poprawnych
6 republika południowej afryki
91%
3 sudan
88%
5 demokratyczna republika konga
83%
8 niger
78%
2 libia
75%
14 nigeria
73%
11 czad
72%
9 angola
64%
4 mali
64%
10 tanzania
56%
12 zambia
55%
7 mauretania
48%
13 namibia
48%
15 botswana
42%
1 algeria
39%
Nie znaleziono quizów pasujących do podanych kryteriów
Rozkład punktacji
Procent ludzi z każdym wynikiem
Percentyl według liczby udzielonych odpowiedzi
Twoja historia wyników
Nie rozwiązałeś tego quizu